Geología y medio ambiente : (Registro nro. 10126)

Detalles MARC
000 -LIDER
fixed length control field 01460nam a22002897a 4500
001 - NÚMERO DE CONTROL
Identificador de número de control 00005251
003 - IDENTIFICACDOR DE NÚMERO DE CONTROL
control field DO-SdBNP
005 - DATE AND TIME OF LATEST TRANSACTION
control field 20180314130514.0
007 - CAMPOS FIJOS DE DESCRIPCIÓN FÍSICA
fixed length control field 00005251
008 - ELEMENTOS DE LONGITUD FIJA
fixed length control field 160512b 2011 dr a xxu||||| |||| 00| 0 spa d
020 ## - ISBN
International Standard Book Number 9789945173635
040 ## - FUENTE DE CATALOGACIÓN
Agencia que crea de manera original el registro BPMSU
Idioma de catalogación spa
Agencia que realiza la transcripción BPMSU
092 ## - LOCALLY ASSIGNED DEWEY DECIMAL CALL NUMBER
Número de clasificación xxxx
Número de ítem (Cutter) xxxx
245 10 - MENCIÓN DE TITULO
Título Geología y medio ambiente :
Subtítulo educación media /
Mención de responsabilidad Horacio Arredondo...[et al] ; dirección editorial Cristina Amiama Espaillat ; coordinación editorial Mónica Volonteri ; ilustración A. Blasco...[et al].
246 1# - VARIACION DEL TÍTULO
Título propiamente dicho o título corto Geología y medio ambiente :
Subtítulo nivel medio
260 ## - PUBLICACIÓN, DISTRIBUCIÓN, ETC. (PIE DE IMPRENTA)
Lugar de publicación, distribución, etc Santo Domingo :
Nombre del editor, distribuidor, etc. SM,
Fecha de publicación, distribución, etc 2011.
300 ## - DESCRIPCIÓN FÍSICA
Extensión 296 p. :
Otros detalles físicos il., retrs. ;
Dimensiones 29 cm.
504 ## - NOTA DE BIBLIOGRAFÍA, ETC.
Bibliography, etc Bibliografía : p. 272
505 0# - NOTA DE CONTENIDO
Título La tierra en el universo --
-- Diversidad de minerales y rocas --
-- El relieve cambia de un lugar a otro --
-- Continentes inquietos --
-- Tectónica de placas --
-- Volcanes y terremotos --
-- Consecuencias del movimiento de placas --
-- La edad de la tierra --
-- El suelo --
-- Ecosistemas --
-- Tipos de ecosistemas --
-- Biodiversidad vegetal --
-- Biodiversidad animal --
-- Recursos naturales --
-- Anexos --
-- Mapas geológico --
-- Diccionario científico.
700 1# - ASIENTO SECUNDARIO -- NOMBRE PERSONAL
Nombre personal Arredondo, Horacio
700 12 - ASIENTO SECUNDARIO -- NOMBRE PERSONAL
Nombre personal Amiama Espaillat, Cristina,
Mención de responsabilidad dir. ed.
700 1# - ASIENTO SECUNDARIO -- NOMBRE PERSONAL
Nombre personal Volonteri, Mónica
700 12 - ASIENTO SECUNDARIO -- NOMBRE PERSONAL
Nombre personal Blasco, A,
Mención de responsabilidad il.
942 ## - ADDED ENTRY ELEMENTS (KOHA)
Source of classification or shelving scheme Dewey Decimal Classification
Koha item type Libros
945 ## - INFORMACIÓN DE PROCESAMIENTO LOCAL
Información de procesamiento local Remanejado para la BNPHU / 2018 BT
956 ## - LOCAL ELECTRONIC LOCATION AND ACCESS (OCLC)
Método de acceso LOPEREZ
Materiales especificados 10
Enlace 20161305
Campo enlazado y núm. de secuencia BPMSU
Nombre de host 00041
Existencias
Withdrawn status Lost status Source of classification or shelving scheme Damaged status Not for loan Home library Current library Date acquired Source of acquisition Total Checkouts Barcode Date last seen Price effective from Koha item type
    Dewey Decimal Classification     Biblioteca Pública Metropolitana Salomé Ureña Biblioteca Pública Metropolitana Salomé Ureña 05/13/2016 Donación   BPMSU16050332 05/13/2016 05/13/2016 Libros